مدى قانونية أمر نائب الحاكم العسكري العام بحظر إقامة ميان أو منشآت على أراضي زراعية : (Record no. 76201)
[ view plain ]
| 000 -LEADER | |
|---|---|
| fixed length control field | 01775nam a2200373 i 4500 |
| 003 - CONTROL NUMBER IDENTIFIER | |
| control field | EG-GICUC |
| 005 - DATE AND TIME OF LATEST TRANSACTION | |
| control field | 20260507171225.0 |
| 008 - FIXED-LENGTH DATA ELEMENTS--GENERAL INFORMATION | |
| fixed length control field | 260507s2001 ua ||||fr|||| 00| 0 ara d |
| 017 ## - COPYRIGHT OR LEGAL DEPOSIT NUMBER | |
| Copyright or legal deposit number | 2000/19616 |
| 040 ## - CATALOGING SOURCE | |
| Original cataloging agency | EG-GICUC |
| Language of cataloging | ara |
| Transcribing agency | EG-GICUC |
| Modifying agency | EG-GICUC |
| Description conventions | rda |
| 041 0# - LANGUAGE CODE | |
| Language code of text/sound track or separate title | ara |
| 082 04 - DEWEY DECIMAL CLASSIFICATION NUMBER | |
| Edition number | 21 |
| Classification number | 345.3231 |
| Item number | ف ا . م |
| 092 04 - LOCALLY ASSIGNED DEWEY CALL NUMBER (OCLC) | |
| Edition number | 21 |
| 099 ## - LOCAL FREE-TEXT CALL NUMBER (OCLC) | |
| Classification number | Law1 07 342.3231 ف ا . م 1 ed - 2001 |
| 100 0# - MAIN ENTRY--PERSONAL NAME | |
| Personal name | فارس محمد عمران |
| Relator term | مؤلف. |
| 245 10 - TITLE STATEMENT | |
| Title | مدى قانونية أمر نائب الحاكم العسكري العام بحظر إقامة ميان أو منشآت على أراضي زراعية : |
| Remainder of title | دراسة علمية عملية مقارنة ببعض القوانين الصادرة في شأن الزراعة والبناء / |
| Statement of responsibility, etc. | فارس محمد عمران ؛ محمود عاطف البنا ؛ عمرو فؤاد بركات ؛ د رمضان محمد بطيخ ؛ محمد عبد العال السناري. |
| 250 ## - EDITION STATEMENT | |
| Edition statement | الطبعة الأولى |
| 264 #1 - PRODUCTION, PUBLICATION, DISTRIBUTION, MANUFACTURE, AND COPYRIGHT NOTICE | |
| Place of production, publication, distribution, manufacture | القاهرة : |
| Name of producer, publisher, distributor, manufacturer | دار النهضة العربية، |
| Date of production, publication, distribution, manufacture, or copyright notice | 2001 |
| 300 ## - PHYSICAL DESCRIPTION | |
| Extent | 208 ؛ صفحة |
| Dimensions | 24 سم. |
| 336 ## - CONTENT TYPE | |
| Source | rda content |
| Content type term | text |
| 337 ## - MEDIA TYPE | |
| Source | rda media |
| Media type term | Computer |
| 338 ## - CARRIER TYPE | |
| Source | rda carrier |
| Carrier type term | Online Resource |
| 504 ## - BIBLIOGRAPHY, ETC. NOTE | |
| Bibliography, etc. note | .202-204 ببليوجرافيا: صفحات |
| 546 ## - LANGUAGE NOTE | |
| Language note | النص باللغة العربية |
| 650 14 - SUBJECT ADDED ENTRY--TOPICAL TERM | |
| Source of heading or term | القانون الإداري |
| 650 14 - SUBJECT ADDED ENTRY--TOPICAL TERM | |
| Source of heading or term | المرفق العامة الإدارية |
| 700 ## - ADDED ENTRY--PERSONAL NAME | |
| Personal name | محمود عاطف البنا |
| Relator term | مقدم. |
| 700 ## - ADDED ENTRY--PERSONAL NAME | |
| Personal name | عمرو فؤاد بركات |
| Relator term | مراجع. |
| 700 ## - ADDED ENTRY--PERSONAL NAME | |
| Personal name | رمضان محمد بطيخ |
| Relator term | مراجع. |
| 700 ## - ADDED ENTRY--PERSONAL NAME | |
| Personal name | محمد عبد العال السناري |
| Relator term | مراجع. |
| 856 40 - ELECTRONIC LOCATION AND ACCESS | |
| Uniform Resource Identifier | <a href="https://fll.law.cu.edu.eg/fulltext/bks/B08-01720.pdf">https://fll.law.cu.edu.eg/fulltext/bks/B08-01720.pdf</a> |
| 905 ## - Cataloger and Reviser Names | |
| Cataloger Name: | Roqaia Ahmed |
| 942 ## - ADDED ENTRY ELEMENTS (KOHA) | |
| Source of classification or shelving scheme | Dewey Decimal Classification |
| Koha item type | Reference |
| Edition | 21 |
| Suppress in OPAC | No |
| Withdrawn status | Lost status | Source of classification or shelving scheme | Damaged status | Not for loan | Collection | Home library | Current library | Date acquired | Total checkouts | Full call number | Barcode | Date last seen | Copy number | Price effective from | Koha item type |
|---|---|---|---|---|---|---|---|---|---|---|---|---|---|---|---|
| Dewey Decimal Classification | Not for loan | القانون الإداري | جــــامعة القــاهرة | مكتبة كلية الحقوق - المبنى الرئيسي | 07.05.2026 | Law1 07 342.3231 ف ا . م 1 ed - 2001 0701720 C1 | B07-01720 | 07.05.2026 | 1 | 07.05.2026 | Books |